000 00337nam a22001217a 4500
008 160510b xxu||||| |||| 00| 0 eng d
020 _a 9780030222993
020 _a0030222990
041 _aeng
080 _a573
245 _aBiology:
_cEldra Pearl Solomon; Linda R. Berg; Diana W. Martin;
942 _2udc
_cBK
999 _c1929
_d1929